000 01063nam a2200289 i 4500
003 DO-SdBNP
005 20230929084602.0
006 a||||gr|||| 00| 0
007 ta
008 230928e2013 dr ||||| |||| 00| p spa d
020 _a9993491500
040 _aDO-SdBNP
_bspa
_cBNPHU
_erda
082 4 _222
_bC389r
245 1 0 _aReminiscencias./
_cJulia Cedeño de Chevalier.
246 1 4 _aReminiscencias:
_bamor, automne, melancolia, rêve, de vuelta, amour, printemps, retour, passé, primavera, gracia, divagation, silencio dialogue, mensonge, vanidad, vamité, mnantial.
264 1 _aSanto Domingo :
_bCorripio,
_c2003
300 _a80 páginas ;
_c23 cm.
336 _2rdacontent
_atexto
_btxt
337 _2rdamedia
_asin mediación
_bn
338 _2rdacarrier
_avolumen
_bnc
490 _ade Printemps des Poetes
500 _aIncluye datos biográficos de la autora en español y francés, página 76 - 77
500 _aIncluye índice de poemas.
546 _aEscrito en español y francés.
590 _aInventariado 2023 / MF
942 _2ddc
_cLBS1
999 _c55008
_d55008